Catálogo público

Manual de Mantenimiento Industrial / (Record no. 175120)

MARC details
000 -CABECERA
campo de control de longitud fija 00660nam a2200241Ia 4500
001 - NÚMERO DE CONTROL
campo de control dia_4457
003 - IDENTIFICADOR DEL NÚMERO DE CONTROL
campo de control CHAP
005 - FECHA Y HORA DE LA ÚLTIMA TRANSACCIÓN
campo de control 20260319110011.0
008 - DATOS DE LONGITUD FIJA--INFORMACIÓN GENERAL
campo de control de longitud fija 220117s1988 xx 000 0 und d
010 ## - NÚMERO DE CONTROL DE LA BIBLIOTECA DEL CONGRESO
Número de control de LC 175120
040 ## - FUENTE DE LA CATALOGACIÓN
Centro/agencia transcriptor CHAP
082 ## - NÚMERO DE LA CLASIFICACIÓN DECIMAL DEWEY
Número de clasificación 621.902 r6y
100 ## - ENTRADA PRINCIPAL--NOMBRE DE PERSONA
Nombre de persona Rosaler, Robert C.
9 (RLIN) 99888
245 ## - MENCIÓN DE TÍTULO
Título Manual de Mantenimiento Industrial /
Mención de responsabilidad, etc. Robert C. Rosaler
260 ## - PUBLICACIÓN, DISTRIBUCIÓN, ETC.
Lugar de publicación, distribución, etc. México, d. f. :
Nombre del editor, distribuidor, etc. Mcgraw-Hill,
Fecha de publicación, distribución, etc. 1988
300 ## - DESCRIPCIÓN FÍSICA
Extensión P.v.
500 ## - NOTA GENERAL
Nota general I. 144616
650 ## - PUNTO DE ACCESO ADICIONAL DE MATERIA--TÉRMINO DE MATERIA
Término de materia o nombre geográfico como elemento de entrada Maquinaria Industrial
9 (RLIN) 71219
901 ## - ELEMENTOS DE DATOS A LOCAL LDA (RLIN)
a 621.902 R6Y
902 ## - ELEMENTOS DE DATOS B LOCAL, LDB (RLIN)
a M
905 ## - ELEMENTOS DE DATOS E LOCAL, LDE (RLIN)
a 0000001988 mx 0000000000spa00
942 ## - ELEMENTOS DE PUNTO DE ACCESO ADICIONAL (KOHA)
Tipo de ítem Koha Libro
Fuente del sistema de clasificación o colocación Dewey Decimal Classification
Holdings
Estado de retiro Estado de pérdida Fuente del sistema de clasificación o colocación Estado dañado Restricciones de uso No para préstamo Código de colección Localización permanente Ubicación/localización actual Fecha de adquisición Fuente de adquisición Coste, precio normal de compra Enumeración/cronología de publicación seriada Número de inventario Total de préstamos Signatura topográfica completa Código de barras Fecha visto por última vez Número de copia Tipo de ítem Koha
    Dewey Decimal Classification   Préstamo interno   General Ingenieria Agroindustrial Ingenieria Agroindustrial 18/01/2022 Compra Librería AMAT F. 4793 / R. 22070 (16/02/1989) 69800.00 Volumen: 5 144616   621.902 r6y dia_3144 18/01/2022 5 Libro
    Dewey Decimal Classification   Préstamo interno   General Ingenieria Agroindustrial Ingenieria Agroindustrial 18/01/2022 Compra Librería AMAT F. 4793 / R. 22070 (16/02/1989) 69800.00 Volumen: 1 144616   621.902 r6y dia_3140 18/01/2022 1 Libro
    Dewey Decimal Classification   Préstamo interno   General Ingenieria Agroindustrial Ingenieria Agroindustrial 18/01/2022 Compra Librería AMAT F. 4793 / R. 22070 (16/02/1989) 69800.00 Volumen: 2 144616   621.902 r6y dia_3141 18/01/2022 2 Libro
    Dewey Decimal Classification   Préstamo interno   General Ingenieria Agroindustrial Ingenieria Agroindustrial 18/01/2022 Compra Librería AMAT F. 4793 / R. 22070 (16/02/1989) 69800.00 Volumen: 3 144616   621.902 r6y dia_3142 18/01/2022 3 Libro
    Dewey Decimal Classification   Préstamo interno   General Ingenieria Agroindustrial Ingenieria Agroindustrial 18/01/2022 Compra Librería AMAT F. 4793 / R. 22070 (16/02/1989) 69800.00 Volumen: 4 144616   621.902 r6y dia_3143 18/01/2022 4 Libro